Etiqueta de registo: 00230nam 2200025 450
001 1831447
003 http://id.bnportugal.gov.pt/bib/catbnp/1831447
010 ## $a978-989-8135-95-7
021 ## $aPT$b351243/12
100 ## $a20130219d2012 m y0pory01030103ba
101 0# $apor
102 ## $aPT
105 ## $aa z 000gy
106 ## $ar
200 1# $aCânticos da alma$fEduardo de Jesus Alves$grev. Henrique Faria, Marina dos Santos
205 ## $a1ª ed
210 #9 $aLinda-a-Velha$cDG Edições,$d2012
215 ## $a293 p.$cil.$d22 cm
675 ## $a821.134.3-1"20"$vBN$zpor$31023893
700 #1 $aAlves,$bEduardo de Jesus,$f1947-$31458619
702 #1 $aFaria,$bHenrique$4675$31522811
702 #1 $aSantos,$bMarina dos$4675$31522814
801 #0 $aPT$bBN$gRPC
900 ## $aBIBNAC$d20130319
966 ## $lBN$mFGMON$sL. 117756 V.
966 ## $lBN$mFGMON$sL. 117756 V.-D
Etiqueta de registo: 00230nam 2200025 450
001 1796131
003 http://id.bnportugal.gov.pt/bib/catbnp/1796131
010 ## $a978-989-8135-71-1
021 ## $aPT$b325662/11
100 ## $a20111130d2011 m y0pory0103 ba
101 0# $apor
102 ## $aPT
105 ## $aa z 000gy
106 ## $ar
200 1# $aPoemas para sempre$fEduardo de Jesus Alves$grev. de texto Lucinda Seixas
205 ## $a1ª ed
210 #9 $aLinda-a-Velha$cDG Edições,$d2011
215 ## $a285 p.$cil.$d24 cm
675 ## $a821.134.3-1"20"$vBN$zpor$31023893
700 #1 $aAlves,$bEduardo de Jesus,$f1947-$31458619
702 #1 $aSeixas,$bLucinda$4675$31458620
801 #0 $aPT$bBN$gRPC
856 41 $uhttp://rnod.bnportugal.gov.pt/ImagesBN/winlibimg.aspx?skey=&doc=1796131&img=13751&save=true
900 ## $aBIBNAC$d20121210
966 ## $lBN$mFGMON$sL. 115433 V.$x1
966 ## $lBN$mFGMON$sL. 115433 V.-D$x1
Etiqueta de registo: 00230nam 2200025 450
001 1789682
003 http://id.bnportugal.gov.pt/bib/catbnp/1789682
010 ## $a978-989-8135-57-5
021 ## $aPT$b317558/10
100 ## $a20110922d2010 m y0pory0103 ba
101 0# $apor
102 ## $aPT
105 ## $ay z 000gy
106 ## $ar
200 1# $aPoemas de saudade$fEduardo de Jesus Alves$grev. Lucinda Seixas
205 ## $a1ª ed
210 #9 $aLinda-a-Velha$cDG Edições,$d2010
215 ## $a275, [5] p.$d24 cm
675 ## $a821.134.3-1"20"$vBN$zpor$31023893
700 #1 $aAlves,$bEduardo de Jesus,$f1947-$31458619
702 #1 $aSeixas,$bLucinda$4675$31458620
801 #0 $aPT$bBN$gRPC
900 ## $aBIBNAC$d20120326
966 ## $lBN$mFGMON$sL. 111023 V.$x1
966 ## $lBN$mFGMON$sL. 111023 V.-D$x1
Etiqueta de registo: 00230nam 2200025 450
001 1777710
003 http://id.bnportugal.gov.pt/bib/catbnp/1777710
010 ## $a978-989-8135-39-1
021 ## $aPT$b307943/10
100 ## $a20110426d2010 m y0pory0103 ba
101 0# $apor
102 ## $aPT
105 ## $ay z 000gy
106 ## $ar
200 1# $aPoemas para um requiem$fEduardo de Jesus Alves$grev. texto Lucinda Seixas
210 #9 $aLinda-a-Velha$cDG Edições,$d2010
215 ## $a297 p.$d24 cm
675 ## $a821.134.3-1"20"$vBN$zpor$31023893
700 #1 $aAlves,$bEduardo de Jesus,$f1947-$31458619
702 #1 $aSeixas,$bLucinda$4675$31458620
801 #0 $aPT$bBN$gRPC
900 ## $aBIBNAC$d20111110
966 ## $lBN$mFGMON$sL. 108962 V.$x1
966 ## $lBN$mFGMON$sL. 108962 V.-D$x1
Etiqueta de registo: 00000nam 2200025 450
001 1890622
003 http://id.bnportugal.gov.pt/bib/catbnp/1890622
010 ## $a978-989-8135-95-7
021 ## $aPT$b382238/14
100 ## $a20141209d2014 m y0pory01030103ba
101 0# $apor
102 ## $aPT
105 ## $aa z 000gy
106 ## $ar
200 1# $a O meu olhar$epoesia$fEduardo de Jesus Alves
210 #9 $aLinda-a-Velha$cDG Edições,$d2014
215 ## $a335 p.$cil.$d21 cm
675 ## $a821.134.3-1"20"$vBN$zpor$31023893
700 #1 $aAlves,$bEduardo de Jesus,$f1947-$31458619
801 #0 $aPT$bBN$gRPC
856 41 $uhttp://rnod.bnportugal.gov.pt/ImagesBN/winlibimg.aspx?skey=&doc=1890622&img=52896&save=true
900 ## $aBIBNAC$d20141215
966 ## $lBN$mFGMON$sL. 126860 V.
966 ## $lBN$mFGMON$sL. 126860 V.-D
Etiqueta de registo: 00000nam 2200025 450
001 2012395
003 http://id.bnportugal.gov.pt/bib/catbnp/2012395
021 ## $aPT$b448844/18
100 ## $a20190124d2018 m y0pory01030103ba
101 0# $apor
102 ## $aPT
105 ## $aa z 000gy
106 ## $ar
200 1# $aÀ noite tudo fica mais claro$fEduardo de Jesus Alves
205 ## $a1ª ed
210 #9 $aLinda-a-Velha$cDG Edições,$d2018
215 ## $a348 p.$cil.$d21 cm
675 ## $a821.134.3-1"20"$vBN$zpor$31023893
700 #1 $aAlves,$bEduardo de Jesus,$f1947-$31458619
801 #0 $aPT$bBN$gRPC
856 41 $uhttp://rnod.bnportugal.gov.pt/ImagesBN/winlibimg.aspx?skey=&doc=2012395&img=120529&save=true
900 ## $aBIBNAC$d20190208
966 ## $lBN$mFGMON$sL. 146794 V.$x1